John Hancock Douglas papers, (Record no. 42191)

MARC details
000 -LEADER
fixed length control field 01673cpcaa2200325 4500
001 - CONTROL NUMBER
control field mm 79018820
003 - CONTROL NUMBER IDENTIFIER
control field DLC
005 - DATE AND TIME OF LATEST TRANSACTION
control field 20260227111655.0
008 - FIXED-LENGTH DATA ELEMENTS--GENERAL INFORMATION
fixed length control field 790726|||||||||||| eng
010 ## - LIBRARY OF CONGRESS CONTROL NUMBER
LC control number mm 79018820
NUCMC control number ms 66001398
040 ## - CATALOGING SOURCE
Original cataloging agency DLC
Description conventions dacs
Transcribing agency DLC
Modifying agency DLC
072 #7 - SUBJECT CATEGORY CODE
Subject category code W
Source lcmd
100 1# - MAIN ENTRY--PERSONAL NAME
Personal name Douglas, John Hancock,
Dates associated with a name 1824-1892.
245 00 - TITLE STATEMENT
Title John Hancock Douglas papers,
Inclusive dates 1861-1885.
300 ## - PHYSICAL DESCRIPTION
Extent 250
Type of unit items.
300 ## - PHYSICAL DESCRIPTION
Extent 1
Type of unit container plus
Extent 1
Type of unit oversize.
506 0# - RESTRICTIONS ON ACCESS NOTE
Terms governing access Open to research.
520 8# - SUMMARY, ETC.
Summary, etc. Letters (1861-1864) from Douglas to his brother, George Douglas, written from various headquarters of the U.S. Sanitary Commission, of which Douglas was chief of inspection and associate secretary. Manuscripts and printed copies of his writings, and pencilled notes (1885) from Ulysses S. Grant to Douglas, who was his physician. Includes typescript of "Record of the Last Days of the Magnanimous Soldier, U. S. Grant" by Douglas, a scrapbook, engravings, and other papers relating to Grant.
545 0# - BIOGRAPHICAL OR HISTORICAL DATA
Biographical or historical data Physician.
546 ## - LANGUAGE NOTE
Language note Collection material in English.
600 10 - SUBJECT ADDED ENTRY--PERSONAL NAME
Personal name Douglas, George,
Dates associated with a name active 1861-1864
Form subdivision Correspondence.
600 10 - SUBJECT ADDED ENTRY--PERSONAL NAME
Personal name Grant, Ulysses S.
Fuller form of name (Ulysses Simpson),
Dates associated with a name 1822-1885.
610 20 - SUBJECT ADDED ENTRY--CORPORATE NAME
Corporate name or jurisdiction name as entry element United States Sanitary Commission.
650 #0 - SUBJECT ADDED ENTRY--TOPICAL TERM
Topical term or geographic name entry element Medicine
General subdivision Practice
Geographic subdivision New York (State)
-- New York.
651 #0 - SUBJECT ADDED ENTRY--GEOGRAPHIC NAME
Geographic name United States
General subdivision History
Chronological subdivision Civil War, 1861-1865
General subdivision Medical care.
656 #7 - INDEX TERM--OCCUPATION
Occupation Physicians.
Source of term itoamc

No items available.

Powered by Koha